Państwa, które najczęściej odwiedzają Wielką Brytanię - Statystyki

Ogólne statystyki
  • Ten quiz został rozwiązany 3 066 razy
    2 930 od ostatniego zresetowania
  • Średni wynik to 15 z 18
Statystyki odpowiedzi
Odwiedzających Państwo % Poprawnych
1,63 mln Polska
100%
3,17 mln Francja
98%
5,12 mln Stany Zjednoczone
98%
2,21 mln Hiszpania
97%
2,96 mln Niemcy
97%
1,70 mln Włochy
91%
1,00 mln Kanada
90%
2,89 mln Irlandia
89%
0,604 mln Norwegia
88%
0,674 mln Szwecja
88%
0,689 mln Chiny
86%
1,96 mln Holandia
83%
0,867 mln Belgia
82%
0,629 mln Indie
79%
0,653 mln Dania
75%
1,17 mln Australia
74%
0,968 mln Szwajcaria
65%
0,805 mln Rumunia
44%
Nie znaleziono quizów pasujących do podanych kryteriów
Rozkład punktacji
Procent ludzi z każdym wynikiem
Percentyl według liczby udzielonych odpowiedzi
Twoja historia wyników
Nie rozwiązałeś tego quizu od ostatniego zresetowania